| 000 | 01299cam a2200217 4500 | ||
|---|---|---|---|
| 008 | 020717n2002 000 0 eng u | ||
| 035 | _a(Sirsi) u118874 | ||
| 245 | _aProblematic pronouns | ||
| 260 | _c2002 | ||
| 490 |
_aEstates Gazette _v(0223) 8 June 2002, 114-115(2) |
||
| 520 | _aA "mainly for students" article examines the problematic use of pronouns in legal documents and highlights legal texts which achieve elegance and those which fail. In particular, discusses the European Convention on Human Rights (ECHR). Considers the situation if delegated legislation, such as the Housing Benefit (General) Regulations 1971, cannot be read in a way compatible with the ECHR as illustrated in the case R (on the application of Bono) v Harlow DC" (2002). It was held that the pronoun 'which' referred only to the primary legislation (Social Security Act 1998) and therefore Harlow DC had no defence to the Bonos' claim that their rights had been infringed under Article 6 of the ECHR. | ||
| 590 | _aABS | ||
| 650 | _aHUMAN RIGHTS ACT 1998 | ||
| 650 | _aCONVENTION FOR THE PROTECTION OF HUMAN RIGHTS AND FUNDAMENTAL FREEDOMS | ||
| 650 | _aDRAFTING | ||
| 650 | _aHOUSING BENEFIT | ||
| 650 | _aLEGAL DOCUMENTATION | ||
| 650 | _aR V HARROW LBC EX P BONO | ||
| 690 | _aLAW | ||
| 942 | _n0 | ||
| 999 |
_c70752 _d70752 |
||